<?xml version="1.0" encoding="UTF-8"?>
<record
    xmlns:xsi="http://www.w3.org/2001/XMLSchema-instance"
    xsi:schemaLocation="http://www.loc.gov/MARC21/slim http://www.loc.gov/standards/marcxml/schema/MARC21slim.xsd"
    xmlns="http://www.loc.gov/MARC21/slim">

  <leader>00719nam a22001815  4500</leader>
  <controlfield tag="001">157679</controlfield>
  <controlfield tag="003">ES-MaACL</controlfield>
  <controlfield tag="005">20230906210815.0</controlfield>
  <controlfield tag="008">960320s1883    gw           |||| | lat d</controlfield>
  <datafield tag="245" ind1="0" ind2="0">
    <subfield code="a">Lexicon graeco-latinum manuale </subfield>
    <subfield code="b">: ex optimis libris concinnatum /</subfield>
    <subfield code="c">edidit E.F. Leopold.</subfield>
  </datafield>
  <datafield tag="250" ind1=" " ind2=" ">
    <subfield code="a">Altera editio stereotypa C. Tauchnitiana emendatior et locupletior, nova impressio.</subfield>
  </datafield>
  <datafield tag="260" ind1=" " ind2=" ">
    <subfield code="a">Lipsiae : </subfield>
    <subfield code="b">sumptibus Ottonis Holtze, </subfield>
    <subfield code="c">1883 (</subfield>
    <subfield code="f">Impresserunt Metzger &amp; Witting)</subfield>
  </datafield>
  <datafield tag="300" ind1=" " ind2=" ">
    <subfield code="a">III, 895 p. ; </subfield>
    <subfield code="c">14 cm.</subfield>
  </datafield>
  <datafield tag="597" ind1=" " ind2=" ">
    <subfield code="a">Texto a dos col.</subfield>
  </datafield>
  <datafield tag="650" ind1="0" ind2="4">
    <subfield code="a">Lengua griega-</subfield>
    <subfield code="v">Diccionarios-</subfield>
    <subfield code="x">Lat&#xED;n.</subfield>
    <subfield code="9">141813</subfield>
  </datafield>
  <datafield tag="700" ind1="1" ind2=" ">
    <subfield code="a">Leopold, Ernst Friedrich.</subfield>
    <subfield code="9">128884</subfield>
  </datafield>
  <datafield tag="852" ind1="4" ind2=" ">
    <subfield code="a">ES-MaACL</subfield>
    <subfield code="j">G-13755 </subfield>
    <subfield code="z">.  --  Enc. pasta</subfield>
  </datafield>
  <datafield tag="999" ind1=" " ind2=" ">
    <subfield code="c">157679</subfield>
    <subfield code="d">157679</subfield>
  </datafield>
  <datafield tag="952" ind1=" " ind2=" ">
    <subfield code="0">0</subfield>
    <subfield code="1">0</subfield>
    <subfield code="4">0</subfield>
    <subfield code="7">0</subfield>
    <subfield code="8">LIBXIX</subfield>
    <subfield code="a">ATENEOM</subfield>
    <subfield code="b">ATENEOM</subfield>
    <subfield code="c">SPP3</subfield>
    <subfield code="d">2008-01-17</subfield>
    <subfield code="e">SSC</subfield>
    <subfield code="l">0</subfield>
    <subfield code="o">G-13755</subfield>
    <subfield code="p">1165007</subfield>
    <subfield code="r">2023-02-23 00:00:00</subfield>
    <subfield code="w">2023-02-23</subfield>
    <subfield code="y">MONANT</subfield>
  </datafield>
</record>
